000 00419nam a2200157 4500
001 128057
003 ES-MaACL
005 20230906193141.0
007 t|
008 070214s1906 it r ||||1| ita d
100 1 _aRizzatti, Ferruccio.
_997754
245 1 0 _aDal cielo alla terra /
_cFerruccio Rizzatti.
260 _aTorino :
_bVicenzo Bona,
_c1906.
300 _aXV, 200 p. ;
_c20 cm.
852 _aES-MaACL
_jF-5976
999 _c128057
_d128057